British pressure groups: their role in relation to the house of commons

Zapisane w:
Opis bibliograficzny
1. autor: Stewart, J. D (Autor)
Format: Książka
Język:angielski
Wydane: Oxford Oxford University 1958
Hasła przedmiotowe:
Etykiety: Dodaj etykietę
Nie ma etykietki, Dołącz pierwszą etykiete!

MARC

LEADER 00000nam a2200000 a 4500
001 UCT7204
003 CL-VaPUC
008 970116e19580000UK |||||||||||||||||eng|d
082 0 4 |a 324.4  |b STE  |2 21 
100 0 |a Stewart, J. D  |e author  |9 378052 
245 1 0 |a British pressure groups: their role in relation to the house of commons 
300 |a 273 p 
942 |c BK 
945 |d 19970116 00:00:00  |a paguirre 
260 |a Oxford  |b Oxford University  |c 1958 
650 7 |a GRUPOS DE PRESION  |2 CL-VaPUC  |9 255505 
650 7 |a PARTICIPACION POLITICA  |2 CL-VaPUC  |9 378053 
650 0 |a Elecciones  |9 254997 
650 0 |a Poder legislativo  |9 258808 
650 7 |a CAMARA ALTA  |2 CL-VaPUC  |9 338612 
650 0 |a Poder político  |9 255509 
651 0 |a Inglaterra  |9 255158 
583 |a last modification  |c 19970116 00:00:00  |k Rodrigo Vera 
999 |c 255861  |d 255859 
952 |0 0  |1 0  |4 0  |6 324_400000000000000_STE_1958  |7 0  |8 A  |9 278314  |a BIBDER  |b BIBDER  |d 2019-11-19  |i 1807455  |o 324.4 STE 1958  |p 1807455  |r 2023-01-25  |w 2019-11-19  |y BK  |k DER